000 00762nam a22002177a 4500
003 UA-OsUOA
001 63336
007 ta
008 20090928b un ||||| |||| 00| 0 ukr d
090 _a271(477)(091)
942 _cBK
040 _aUA-OsUOA
_bukr
_cUA-OsUOA
_dUA-OsUOA
245 _a1000 років Чернігівській Єпархії
_bТези доповідей церковно-історичної конференції (Чернігів 22 - 24 вересня 1992 р)
300 _a120 с.
955 _a2
041 _aukr
080 _a271(477)(091)
260 _aЧернігів
_bСіверянська думка
_c1992
650 7 _a27 Загальна історія Християнської церкви
_2UDC
999 _c349419
_d349419